000 00759nam a22002057a 4500
999 _c17039
_d17039
003 AR-CdUCM
008 190223b ||||| |||| 00| 0 spa d
040 _aMUNICIPALIDAD PROVINCIAL DEL CUSCO
_cBIBLIOTECA MUNICIPAL DEL CUSCO
082 _a330.981 /
_bF97
100 _aFurtado, Pedro
_936855
245 _aFormación económica del Brasil /
260 _aMexico :
_bFondo de cultura económica /
_c1962.
300 _a255 páginas ;
_c25 cm.
505 _aContenido: Fundamentos económicos de la ocupación territorial -- Flujo de ingresos y crecimiento -- Economía esclavista minera...
650 _aEconomía
_9382
650 _aDesarrollo económico
_91696
650 _aDesarrollo social
_91131
942 _2ddc
_cLIBROS
945 _arcc
_d2019-02-23